MARC details
| 000 -LEADER |
| campo de control de longitud fija |
02692nam a22004337a 4500 |
| 003 - IDENTIFICADOR DE NÚMERO DE CONTROL |
| campo de control |
BO-EaUP |
| 005 - FECHA Y HORA DE LA ÚLTIMA TRANSACCIÓN |
| campo de control |
20260505112010.0 |
| 008 - DATOS DE LONGITUD FIJA--INFORMACIÓN GENERAL |
| campo de control de longitud fija |
260505b2023 ck |||||r|||| 00| 0 spasd |
| 020 ## - NÚMERO INTERNACIONAL ESTÁNDAR DEL LIBRO |
| Número Internacional Estándar del Libro |
978-958-503-619-2 |
| 040 ## - FUENTE DE CATALOGACIÓN |
| Centro catalogador/agencia de origen |
BO-EaUP |
| Centro/agencia transcriptor |
Biblioadmiempresas |
| Normas de descripción |
RDA |
| Lengua de catalogación |
spa |
| 041 ## - CÓDIGO DE IDIOMA |
| Código de lengua del texto/banda sonora o título independiente |
spa |
| Código de lengua original |
spa |
| 043 ## - CÓDIGO DE ÁREA GEOGRÁFICA |
| Código de área geográfica |
s-ck |
| 082 ## - NÚMERO DE LA CLASIFICACIÓN DECIMAL DEWEY |
| Número de edición |
21 |
| Número de clasificación |
388.044 |
| 092 ## - ASIGNACIÓN LOCAL DE SIGNATURA TOPOGRÁFICA DEWEY (OCLC) |
| Número de clasificación |
388.044 |
| Característica del encabezamiento |
LOGÍSTICA |
| Signatura Librística |
M8271g.2 |
| 100 ## - ENTRADA PRINCIPAL--NOMBRE DE PERSONA |
| Nombre de persona |
Mora García, Luís Anibal |
| Término indicativo de función/relación |
Autor |
| 9 (RLIN) |
55 |
| Fechas asociadas al nombre |
1963- |
| 245 10 - MENCIÓN DEL TÍTULO |
| Título |
Logística del trasporte y distribución de carga / |
| Mención de responsabilidad, etc. |
Luís Mora G. |
| 250 ## - MENCION DE EDICION |
| Mención de edición |
Segunda edición |
| 260 ## - PUBLICACIÓN, DISTRIBUCIÓN, ETC. |
| Lugar de publicación, distribución, etc. |
Bogotá : |
| Nombre del editor, distribuidor, etc. |
Ecoe Ediciones, |
| Fecha de publicación, distribución, etc. |
2023 |
| 300 ## - DESCRIPCIÓN FÍSICA |
| Extensión |
xxviii, 248 páginas ; |
| Otras características físicas |
Ilustraciones (blanco y negro), tablas, gráficos, figuras ; Tapa blanda ; |
| Dimensiones |
17 x 24 centímetros ; |
| Tipo de unidad |
impreso |
| 336 ## - TIPO DE CONTENIDO |
| Fuente |
rdacontent |
| Término de tipo de contenido |
texto |
| Código de tipo de contenido |
txt |
| 337 ## - TIPO DE MEDIO |
| Fuente |
rdamedia |
| Nombre/término del tipo de medio |
no mediado |
| Código del tipo de medio |
n |
| 338 ## - TIPO DE SOPORTE |
| Fuente |
rdacarrier |
| Nombre/término del tipo de soporte |
volumen |
| Código del tipo de soporte |
nc |
| 505 2# - NOTA DE CONTENIDO CON FORMATO |
| Nota de contenido con formato |
Capítulo 1. Marco competitivo del transporte.- |
| 505 2# - NOTA DE CONTENIDO CON FORMATO |
| Nota de contenido con formato |
Capítulo 2. Sistema Internacional del transporte de carga.- |
| 505 2# - NOTA DE CONTENIDO CON FORMATO |
| Nota de contenido con formato |
Capítulo 3. Gestión de los costos, fletes, seguros e indicadores.- |
| 505 2# - NOTA DE CONTENIDO CON FORMATO |
| Nota de contenido con formato |
Capítulo 4. Operaciones de optimización de transporte y distribución.- |
| 505 2# - NOTA DE CONTENIDO CON FORMATO |
| Nota de contenido con formato |
Capítulo 5. Sistemas de empaques y embalajes en el transporte.- |
| 505 2# - NOTA DE CONTENIDO CON FORMATO |
| Nota de contenido con formato |
Capítulo 6. Operadores logísticos de mercancía 3PL y 4PL.- |
| 505 2# - NOTA DE CONTENIDO CON FORMATO |
| Nota de contenido con formato |
Capítulo 7. Sistemas, tecnología y tendencias del transporte de carga.- |
| 505 2# - NOTA DE CONTENIDO CON FORMATO |
| Nota de contenido con formato |
Capítulo 8. Transporte inteligente (Smart Transportation) herramientas tecnológicas de innovación aplicadas al transporte de carga terrestre.-- |
| 520 ## - RESUMEN, ETC. |
| Sumario, etc. |
Logística del transporte y distribución analiza la evolución del transporte hacia la operación logística integral orientada a ofrecer un servicio óptimo en el manejo de carga acorde con las necesidades del mercado y presenta las mejores prácticas y herramientas de optimización operativa y tecnológica a las empresas y operadores logísticos del mercado en Latinoamérica. En su segunda edición, se enfoca en mostrar y presentar la evolución del transporte de carga hacia la hacia la distribución 4.0 en el marco de la revolución tecnológica y digital del mercado.<br/><br/> |
| 521 ## - NOTA DE PÚBLICO DESTINATARIO |
| Nota de público destinatario |
Dirigido a estudiantes técnicos, tecnólogos, de pregrado, posgrados y maestrías de logística y profesionales involucrados en el tema de la gestión logística del transporte y distribución de mercancías y las entregas de home delivery. |
| 650 ## - PUNTO DE ACCESO ADICIONAL DE MATERIA--TÉRMINO DE MATERIA |
| Término de materia o nombre geográfico como elemento de entrada |
LOGÍSTICA EMPRESARIAL |
| 9 (RLIN) |
195 |
| 650 ## - PUNTO DE ACCESO ADICIONAL DE MATERIA--TÉRMINO DE MATERIA |
| Término de materia o nombre geográfico como elemento de entrada |
OPERACIONES Y PROYECTOS |
| 9 (RLIN) |
5926 |
| 653 ## - TÉRMINO DE INDIZACIÓN--NO CONTROLADO |
| Término no controlado |
TRANSPORTE DE CARGA |
| 653 ## - TÉRMINO DE INDIZACIÓN--NO CONTROLADO |
| Término no controlado |
TRANSPORTE DE MERCANCÍAS |
| 653 ## - TÉRMINO DE INDIZACIÓN--NO CONTROLADO |
| Término no controlado |
LOGÍSTICA EN LOS NEGOCIOS |
| 942 ## - ELEMENTOS DE ENTRADA SECUNDARIOS (KOHA) |
| Fuente del sistema de clasificación o colocación |
Clasificación Decimal Dewey |
| Tipo de ítem Koha |
Libros |
| Suprimir en OPAC |
No |
| Edición |
21 |